[Event "Olympiad"]
[Site "Bled SLO"]
[Date "2002.11.08"]
[Round "13"]
[White "Eid,Fa"]
[Black "Nilssen,J"]
[Result "1/2-1/2"]
[WhiteElo "2392"]
[BlackElo "2385"]

1.e4 c5 2.Nf3 Nc6 3.Bb5 g6 4.O-O Bg7 5.Re1 e5 6.c3 Nge7 7.d4 cxd4 8.cxd4 exd4
9.Bf4 O-O 10.Bd6 b6 11.e5 Bb7 12.Nbd2 Re8 13.Nc4 Nf5 14.Ba4 Nh4 15.Ncd2 Nxe5
16.Bxe5 Bxe5 17.Rxe5 Rxe5 18.Nxe5 Nxg2 19.Qg4 Nh4 20.Bb3 Qf6 21.Re1 Re8 22.Bxf7+ Qxf7
23.Qxh4 Qd5 24.Ne4 Rxe5 25.Nf6+ Kg7 26.Nxd5 Rxe1+ 27.Kg2 Bxd5+ 28.f3 Re5
29.Qxd4 Kf6 30.Qh4+ Kg7 31.Qd4 Kf6 32.Kg3 Ke6 33.Qg4+ Rf5 34.f4 Bxa2 35.Qe2+ Kf7
36.Qa6 Ra5 37.Qc8 Be6 38.Qh8 Rh5 39.Qb8 Rh3+ 40.Kg2 Rb3 41.Qe5 a5 42.Qh8 h5
43.Kg1 Rb5 44.Kf2 Bf5 45.Qh7+ Ke6 46.Qg8+ Kd6 47.Qb8+ Ke7 48.Kg3 Rb3+ 49.Kh4 Rb5
50.Kg5 d6 51.Kh6 Rxb2 52.Qb7+ Kd8 53.Kg7 Rb4 54.Kf6 Rb1 55.Qb8+ Kd7 56.Qb7+ Kd8
57.Qb8+ Kd7 58.Qb7+ Kd8 59.Qb8+  1/2-1/2

[Event "14th Open"]
[Site "Leuven BEL"]
[Date "2002.11.09"]
[Round "3"]
[White "Frank,Alb"]
[Black "Sarakauskas,G"]
[Result "0-1"]
[WhiteElo "2043"]
[BlackElo "2397"]

1.e4 c5 2.Nf3 Nc6 3.Bb5 g6 4.O-O Bg7 5.Re1 e5 6.Bxc6 bxc6 7.b4 cxb4 8.Bb2 d6
9.d4 exd4 10.Bxd4 Nf6 11.e5 dxe5 12.Nxe5 Be6 13.Nxc6 Qd6 14.Qf3 O-O 15.Be5 Qc5
16.Nd4 Bd5 17.Qd1 Rfe8 18.a3 bxa3 19.Rxa3 Bxg2 20.Rae3 Bb7 21.Bxf6 Rxe3 22.Rxe3 Bxf6
23.c3 a5 24.Qb3 Qg5+  0-1

[Event "Olympiad"]
[Site "Bled SLO"]
[Date "2002.11.10"]
[Round "14"]
[White "Domingos,C"]
[Black "Obodchuk,A"]
[Result "0-1"]
[WhiteElo "2247"]
[BlackElo "2423"]

1.e4 c5 2.Nf3 Nc6 3.Bb5 g6 4.O-O Bg7 5.Bxc6 dxc6 6.d3 b6 7.h3 Nf6 8.Nc3 O-O
9.Be3 Re8 10.Qe2 e5 11.Nd2 Nh5 12.a4 Nf4 13.Qf3 Ne6 14.a5 Nd4 15.Qd1 b5 16.Ne2 f5
17.c3 Ne6 18.Nf3 f4 19.Bc1 a6 20.Qc2 Ra7 21.b4 g5 22.Ba3 h5 23.Nh2 g4 24.hxg4 hxg4
25.Nxg4 f3 26.gxf3 Ng5 27.Nh2 Re6 28.Rfd1 Rh6 29.Bc1 Bf8 30.Ng3 Rah7 31.Ngf1 Qf6
32.f4 Nh3+ 33.Kh1 Qg6 34.Ne3 Nxf4 35.f3 Qg3  0-1

[Event "Olympiad"]
[Site "Bled SLO"]
[Date "2002.11.10"]
[Round "14"]
[White "Nevednichy,V"]
[Black "Quinn,M"]
[Result "1-0"]
[WhiteElo "2555"]
[BlackElo "2429"]

1.e4 c5 2.Nf3 Nc6 3.Bb5 Na5 4.c3 Nf6 5.e5 Nd5 6.d4 cxd4 7.O-O e6 8.cxd4 a6
9.Bd3 b5 10.Ng5 Be7 11.Qh5 Bxg5 12.Bxg5 Qb6 13.Be3 d6 14.Nc3 Nxc3 15.bxc3 Qc6
16.Qg5 g6 17.Qf6 Bb7 18.f3 Rg8 19.Bg5 Qd7 20.a4 bxa4 21.Rxa4 Nc6 22.exd6 Qxd6
23.Rb1 Qd7 24.Be4 Nd8 25.Rxb7  1-0

[Event "Olympiad w"]
[Site "Bled SLO"]
[Date "2002.11.10"]
[Round "14"]
[White "Xu Yaping"]
[Black "Rantanen,T"]
[Result "1/2-1/2"]
[WhiteElo "2074"]
[BlackElo "2166"]

1.e4 c5 2.Nf3 Nc6 3.Bb5 g6 4.Bxc6 dxc6 5.O-O Bg7 6.Nc3 Nf6 7.d3 O-O 8.Be3 b6
9.Qd2 Bg4 10.Nh4 Be6 11.Bh6 Qc7 12.Bxg7 Kxg7 13.f4 Rad8 14.f5 Bc8 15.Qe2 Nd7
16.Rae1 Ne5 17.b3 Qd6 18.Nd1 Ba6 19.Ne3 Qf6 20.Nf3 Rg8 21.Kh1 Kf8 22.Nxe5 Qxe5
23.Ng4 Qd4 24.f6 e6 25.Qd2 h5 26.Qh6+ Ke8 27.Qh7 Rf8 28.Nh6 Rd7 29.Qg7  1/2-1/2

[Event "Olympiad"]
[Site "Bled SLO"]
[Date "2002.11.10"]
[Round "14"]
[White "Sanduleac,V"]
[Black "Bae,T"]
[Result "1/2-1/2"]
[WhiteElo "2471"]
[BlackElo "2370"]

1.e4 c5 2.Nf3 Nc6 3.Bb5 e6 4.Bxc6 bxc6 5.O-O Qc7 6.Re1 e5 7.c3 d6 8.d4 cxd4
9.cxd4 Nf6 10.Bg5 Nd7 11.Nc3 f6 12.Be3 Nb6 13.h3 Qb7 14.Qc2 Be7 15.b3 O-O
16.Rac1 Be6 17.Nd2 Rac8 18.Ne2 c5 19.dxe5 dxe5 20.Qb1 Qa6 21.Rc3 Rfd8 22.Ng3 c4
23.bxc4 Nxc4 24.Nxc4 Rxc4 25.Rxc4 Bxc4 26.Rd1 Rxd1+ 27.Qxd1 Be6 28.a4 g6
29.Qc2 Qc4 30.Qb1 Qb3 31.Qc1 Qc4 32.Qxc4 Bxc4 33.Bxa7 Bd8  1/2-1/2

[Event "Last Autumn GM"]
[Site "Tel Aviv ISR"]
[Date "2002.11.11"]
[Round "8"]
[White "Deutsch,E"]
[Black "Tyomkin,D"]
[Result "1/2-1/2"]
[WhiteElo "2272"]
[BlackElo "2492"]

1.e4 c5 2.Nf3 Nc6 3.Bb5 e6 4.O-O Nge7 5.Nc3 a6 6.Bxc6 Nxc6 7.d4 cxd4 8.Nxd4 d6
9.Be3 Be7 10.f4 O-O 11.f5 Ne5 12.fxe6 fxe6 13.Rxf8+ Bxf8 14.Qe2 Bd7 15.Nf3 Nf7
16.Qd2 b5 17.Ne2 Rc8 18.Rf1 Qe7 19.Ng3 g6 20.c3 Bg7 21.Bd4 e5 22.Be3 Be6
23.a3 Bc4 24.Rf2 Bf6 25.Qd1 Rd8 26.Rd2 Qe6 27.Ne1 h5 28.h3 Kg7 29.Kh2 h4
30.Nh1 d5 31.exd5 Rxd5 32.Nf2 Nd6 33.Ng4 Nf5 34.Nf3 Nxe3 35.Nxe3 Rxd2 36.Qxd2 e4  1/2-1/2

[Event "Last Autumn GM"]
[Site "Tel Aviv ISR"]
[Date "2002.11.12"]
[Round "9"]
[White "Tyomkin,D"]
[Black "Kundin,A"]
[Result "1-0"]
[WhiteElo "2492"]
[BlackElo "2429"]

1.e4 c5 2.Nf3 Nc6 3.Bb5 e6 4.O-O Nge7 5.c3 d5 6.e5 Bd7 7.Qe2 a6 8.Bd3 Ng6
9.g3 Be7 10.h4 Qc7 11.Re1 f6 12.Bxg6+ hxg6 13.d4 Rc8 14.Bf4 Qb6 15.dxc5 Bxc5
16.b4 Be7 17.Nbd2 Nd8 18.Qd3 Kf7 19.Nb3 Qb5 20.Qe3 Qc4 21.Rac1 Bb5 22.Nbd4 f5
23.Bg5 Qd3 24.Bxe7 Kxe7 25.Qg5+ Kf7 26.Re3 Qc4 27.g4 Rh6 28.Kg2 Be8 29.Rc2 Qc7
30.Qf4 Kg8 31.g5 Rh8 32.Kg3 Kf7 33.Nd2 b5 34.N2b3 Nb7 35.Ne2 Qc4 36.Nbd4 Bd7
37.Qf3 a5 38.a3 a4 39.Rd2 Nd8 40.Nf4 Nc6 41.h5 gxh5 42.Nxf5 exf5 43.e6+ Bxe6
44.Rxe6 h4+ 45.Kh2 Rhd8 46.Qh5+ Kg8 47.Qxh4 Re8 48.Rde2 Rxe6 49.Rxe6 Kf7
50.g6+  1-0

[Event "WYb16"]
[Site "Heraklio GRE"]
[Date "2002.11.15"]
[Round "1"]
[White "Colmenares,A"]
[Black "Murariu,A"]
[Result "1-0"]
[WhiteElo "2139"]
[BlackElo "2395"]

1.e4 c5 2.Nf3 Nc6 3.Bb5 g6 4.O-O Bg7 5.Re1 Nf6 6.e5 Nd5 7.Nc3 Nc7 8.Bxc6 dxc6
9.Ne4 Ne6 10.d3 b6 11.Bd2 O-O 12.Qc1 Nd4 13.Nxd4 cxd4 14.Bh6 Qd5 15.Bxg7 Kxg7
16.Qg5 Qe6 17.f4 h6 18.Qh4 c5 19.Ng3 Re8 20.f5 gxf5 21.Nh5+ Kh7 22.Nf4 Qc6
23.e6 Bxe6 24.Rxe6 fxe6 25.Qh5 Rg8 26.Re1 Qe8 27.Qf3 Rd8 28.Nxe6 Rc8 29.Qb7 Kh8
30.Qd5 Qf7 31.Qe5+ Qf6 32.Qd5 Rg4 33.h3 Rg3 34.Nf4 Qd6 35.Qxf5 Rcg8 36.Re6 Qxf4
37.Qxf4 Rxg2+ 38.Kf1 Rg1+ 39.Kf2 R8g2+ 40.Kf3 Rf1+ 41.Kxg2 Rxf4 42.Rxe7 Rf6
43.Rxa7 Re6 44.Rb7 Kg8 45.Kf2 Rf6+ 46.Ke2 Re6+ 47.Kf2 Re3 48.Rxb6 Rxh3 49.Kg2 Re3
50.Rxh6 Re2+ 51.Kf3 Rxc2 52.Rb6 Kf7 53.Ke4 Ke7 54.a4 Kd7 55.Kd5 Rd2 56.Rb3 Rc2
57.a5  1-0

[Event "TCh-FIN 2002-3"]
[Site "Finland FIN"]
[Date "2002.11.17"]
[Round "5"]
[White "Leino,J"]
[Black "Ristoja,T"]
[Result "1/2-1/2"]
[WhiteElo "2203"]
[BlackElo "2236"]

1.e4 c5 2.Nf3 Nc6 3.Bb5 g6 4.Bxc6 bxc6 5.d3 Bg7 6.e5 f6 7.Qe2 fxe5 8.Nxe5 Nf6
9.h3 d6 10.Ng4 O-O  1/2-1/2

[Event "WYb18"]
[Site "Heraklio GRE"]
[Date "2002.11.17"]
[Round "4"]
[White "Schneider,Dm"]
[Black "Jianu,V"]
[Result "1/2-1/2"]
[WhiteElo "2401"]
[BlackElo "2401"]

1.e4 c5 2.Nf3 Nc6 3.Bb5 g6 4.O-O Bg7 5.c3 Nf6 6.e5 Nd5 7.d4 cxd4 8.cxd4 O-O
9.Nc3 Nc7 10.Bf4 Nxb5 11.Nxb5 Qb6 12.a4 a6 13.Nc3 Qxb2 14.Nd5 d6 15.exd6 exd6
16.Rb1 Qa2 17.Nb6 Bg4 18.Nxa8 Nxd4 19.Nb6 Ne2+ 20.Kh1 Nxf4 21.Qxd6 Ne6 22.Qd5  1/2-1/2

[Event "WYb12"]
[Site "Heraklio GRE"]
[Date "2002.11.18"]
[Round "5"]
[White "Aswin,J"]
[Black "Andreikin,D"]
[Result "0-1"]
[WhiteElo "2113"]
[BlackElo "2332"]

1.e4 c5 2.Nf3 Nc6 3.Bb5 g6 4.O-O Bg7 5.Re1 a6 6.Bxc6 dxc6 7.e5 Nh6 8.d3 Bg4
9.Nbd2 Nf5 10.e6 O-O 11.exf7+ Rxf7 12.h3 Bxf3 13.Nxf3 Bf6 14.Ng5 Bxg5 15.Bxg5 Qd4
16.Qd2 Raf8 17.Bf4 Nd6 18.Be3 Qd5 19.Qc3 b6 20.Bh6 Re8 21.Re5 Nb5 22.Rxd5 Nxc3
23.Rd7 Ne2+ 24.Kf1 Ng3+ 25.Kg1 Nf5 26.Be3 e5 27.Rxf7 Kxf7 28.a4 a5 29.g4 Ne7
30.Re1 Kf6 31.f4 Nd5 32.Bd2 Re6 33.fxe5+ Rxe5 34.Rxe5 Kxe5 35.Kf2 Nb4 36.Bxb4 cxb4
37.Ke3 g5 38.d4+ Kd5 39.b3 b5 40.Kd3 bxa4 41.bxa4 c5 42.c4+ bxc3 43.dxc5 Kxc5
44.Kxc3 h6 45.Kd3 Kb4 46.Ke4 Kxa4 47.Kf5 Kb5 48.Kg6 a4 49.Kxh6 a3 50.Kxg5 a2
51.h4 a1=Q 52.h5 Qg7+ 53.Kf5 Qh6  0-1

[Event "Kubanskaja Osen"]
[Site "Krasnodar RUS"]
[Date "2002.11.19"]
[Round "5"]
[White "Maiorov,O"]
[Black "Tseshkovsky,V"]
[Result "1/2-1/2"]
[WhiteElo "2458"]
[BlackElo "2545"]

1.e4 c5 2.Nf3 Nc6 3.Bb5 e6 4.Bxc6 bxc6 5.b3 Ne7 6.Bb2 f6 7.e5 Ng6 8.d4 cxd4
9.Qxd4 fxe5 10.Nxe5 Qa5+ 11.Bc3 Qxe5+ 12.Qxe5 Nxe5 13.Bxe5 d6 14.Bb2 Be7
15.Nd2 O-O 16.f3 a5 17.O-O-O a4 18.Nc4 axb3 19.axb3 d5 20.Nb6 Ra6 21.Nxc8 Rxc8
22.Rhe1 Bg5+ 23.Kb1 c5 24.Re2 Rb8 25.Rde1 Kf7 26.f4 Bf6 27.Bxf6 gxf6 28.Kc1 Rb4
29.g3 c4 30.bxc4 Rxc4 31.Kd2 Rac6 32.Kd1 h5 33.Rf2 Ra4 34.Ree2 Ra1+ 35.Kd2 Ra2
36.Ke1 f5 37.Kf1 h4 38.gxh4 Ra8 39.Rf3 Rh8 40.Rh3 Rc4 41.Rf2 Rhc8 42.h5 Rxc2
43.Rxc2 Rxc2 44.h6 Kg8 45.h7+ Kh8 46.Rh6 Rc4 47.Rxe6 Rxf4+ 48.Kg2 Kxh7 49.Kg3 Rf1
50.Rd6  1/2-1/2

[Event "WYb18"]
[Site "Heraklio GRE"]
[Date "2002.11.21"]
[Round "8"]
[White "Husnutdinov,D"]
[Black "Arutunian,D"]
[Result "1-0"]
[WhiteElo "2346"]
[BlackElo "2449"]

1.e4 c5 2.Nf3 Nc6 3.Bb5 g6 4.O-O Bg7 5.c3 Nf6 6.Re1 O-O 7.d4 cxd4 8.e5 Nd5
9.cxd4 Nc7 10.Nc3 Nxb5 11.Nxb5 a6 12.Nc3 d6 13.exd6 Qxd6 14.d5 Ne5 15.Bf4 Nxf3+
16.Qxf3 Qb4 17.Re2 Bf5 18.Rae1 Bf6 19.d6 Be6 20.Ne4 Rfd8 21.Bd2 Qb5 22.Nxf6+ exf6
23.Qxf6 Qf5 24.Qd4 Qd5 25.Qf6 Qf5 26.Qe7 Re8 27.Qxb7 Rab8 28.Qxa6 Rxb2 29.Bc3 Rxe2
30.Qxe2 Rb8 31.h3 Qc5 32.Qf3 Rc8 33.Bb2 Qf5 34.Qxf5 gxf5 35.Bf6 Re8 36.Rxe6  1-0

[Event "WYg14"]
[Site "Heraklio GRE"]
[Date "2002.11.22"]
[Round "9"]
[White "Krutika,N"]
[Black "Nebolsina,V"]
[Result "1/2-1/2"]
[WhiteElo "2125"]
[BlackElo "2040"]

1.e4 c5 2.Nf3 Nc6 3.Bb5 e6 4.Bxc6 bxc6 5.O-O Qc7 6.d3 d5 7.Re1 Ne7 8.b3 Ng6
9.Bb2 f6 10.exd5 cxd5 11.d4 c4 12.Nc3 Be7 13.a4 O-O 14.Re3 a6 15.Ba3 Bxa3
16.Rxa3 Rb8 17.Ra1 Ne7 18.Rc1 Nf5 19.Re2 Bd7 20.h3 Rfc8 21.g4 Ne7 22.Re3 Ng6
23.Nd2 cxb3 24.Nxb3 Nf4 25.Nc5 Qd6 26.Qf3 Be8 27.Ne2 Nxe2+ 28.Qxe2 e5 29.c3 e4
30.Ra1 Rb6 31.a5 Bb5 32.Qd2 Rbb8 33.Kg2 Rf8 34.Rg3 Bc4 35.Ra4 Rb5 36.Qe3 Re8
37.Rb4 Rbb8 38.Qd2 Qd8 39.Qb2 Bb5 40.Re3 Qxa5 41.Qb3 Bc4 42.Rxb8 Bxb3 43.Rxe8+ Kf7
44.Nxb3 Qb5 45.Ra8 Qxb3 46.Ra7+ Kg6 47.Rxa6 Qb7 48.Ra5 Qd7 49.Rc5 Kf7 50.c4 dxc4
51.Rxe4 g6 52.Rxc4 Qb7 53.f3 Qb2+ 54.Kg3 Qb8+ 55.Kf2 Qh2+ 56.Ke3 Qg1+ 57.Kf4 Qh2+
58.Ke3 Qg1+ 59.Kf4 Qh2+  1/2-1/2

[Event "WYg16"]
[Site "Heraklio GRE"]
[Date "2002.11.22"]
[Round "9"]
[White "Batchimeg,T"]
[Black "Vega Gutierrez,S"]
[Result "0-1"]
[WhiteElo "2140"]
[BlackElo "2069"]

1.e4 c5 2.Nf3 Nc6 3.Bb5 e6 4.Bxc6 bxc6 5.d3 Ne7 6.h4 Qc7 7.e5 Ng8 8.Nc3 f6
9.Qe2 fxe5 10.Nxe5 Nf6 11.Bg5 Be7 12.Ng4 O-O 13.Nxf6+ Bxf6 14.Bxf6 Rxf6 15.Ne4 Rf8
16.Nxc5 Qa5+ 17.c3 Qxc5 18.Rh3 Ba6 19.Re3 Qd5 20.f3 Rab8 21.Kf1 Qc5 22.g3 Rxb2  0-1

[Event "WYb14"]
[Site "Heraklio GRE"]
[Date "2002.11.22"]
[Round "9"]
[White "Thiruchelvam,M"]
[Black "Bykhovsky,An ISR"]
[Result "1-0"]
[WhiteElo "2249"]
[BlackElo "2306"]

1.e4 c5 2.Nf3 Nc6 3.Bb5 g6 4.O-O Bg7 5.Re1 e5 6.Bxc6 dxc6 7.d3 Ne7 8.Be3 b6
9.a4 a5 10.Nbd2 O-O 11.Nc4 Qc7 12.b4 axb4 13.a5 bxa5 14.Bxc5 Be6 15.Nfd2 a4
16.Bd6 Qa7 17.Bxb4 c5 18.Ba5 Qd7 19.Bc3 Qc7 20.Ra3 Ra6 21.Qa1 Rfa8 22.Nxe5 Nc6
23.Nxc6 Bxc3 24.Qxc3 Qxc6 25.Nf3 Qb6 26.Ng5 Qb4 27.Rea1 Bd7 28.Qe5 h6 29.Qe7 Be8
30.Nh3 Rb6 31.g3 g5 32.c3 Qb5 33.c4 Qa5 34.Qe5 Bd7 35.Kg2 Bxh3+ 36.Kxh3 Qd2
37.Qxc5 Rf6 38.Kg2 Rb8 39.Qd4 Rbb6 40.R3a2 Qb4 41.Rxa4 Qe7 42.Ra7 Qb4 43.Ra8+ Kh7
44.Qd8 Kg6 45.Qd4 Qd2 46.e5 Rfe6 47.Rg8+ Kh5 48.Qh4+  1-0

[Event "ch-ROM"]
[Site "Curtea de Arges ROM"]
[Date "2002.11.24"]
[Round "1.2"]
[White "Negulescu,A"]
[Black "Nita,L"]
[Result "1-0"]
[WhiteElo "2438"]
[BlackElo "2230"]

1.e4 c5 2.Nf3 Nc6 3.Bb5 g6 4.O-O Bg7 5.Re1 e5 6.c3 Nge7 7.d4 exd4 8.cxd4 Nxd4
9.Nxd4 Bxd4 10.Nc3 O-O 11.Bg5 Bg7 12.Qd6 f6 13.Be3 b6 14.Rad1 a6 15.Bc4+ Kh8
16.Nd5 Nxd5 17.Bxd5 Ra7 18.b4 Qc7 19.bxc5 b5 20.Bf4 Qxd6 21.Bxd6 Bb7 22.Bxf8 Bxf8
23.Bxb7 Rxb7 24.Rd5 b4 25.Red1 Rb5 26.Rxd7 Rxc5 27.g3 Kg8 28.Ra7 Re5 29.Rd8 Rxe4
30.Raa8 Re1+ 31.Kg2  1-0

[Event "WYg18"]
[Site "Heraklio GRE"]
[Date "2002.11.24"]
[Round "11"]
[White "Berzina,I"]
[Black "Partac,E"]
[Result "1-0"]
[WhiteElo "2243"]
[BlackElo "2205"]

1.e4 c5 2.Nf3 Nc6 3.Bb5 g6 4.O-O Bg7 5.c3 Nf6 6.Re1 O-O 7.h3 d6 8.d4 cxd4
9.cxd4 a6 10.Ba4 b5 11.Bc2 Bb7 12.Nc3 Na5 13.Bg5 Rc8 14.Qe2 Nc4 15.Bd3 h6
16.Bc1 Qc7 17.b3 Nb6 18.Bd2 Qb8 19.Rac1 e5 20.d5 Nfd7 21.Nh4 Nc5 22.Bb1 Rce8
23.Nd1 Qd8 24.g3 Bc8 25.Kh2 Qd7 26.g4 Qe7 27.Kg3 Bf6 28.Nf3 Bg7 29.Ne3 f5
30.exf5 e4 31.Nh2 gxf5 32.gxf5 Bxf5 33.Nxf5 Rxf5 34.b4 Bd4 35.bxc5 Qe5+ 36.f4 Qg7+
37.Qg4 Bxc5 38.Bxe4 Rff8 39.Bc3 Qxg4+ 40.Nxg4 Rxe4 41.Rxe4 Nxd5 42.Bd4 Bb4
43.Nxh6+ Kh7 44.Ng4 Bd2 45.Rf1 a5 46.Re6 Bxf4+ 47.Rxf4 Nxf4 48.Rh6+  1-0

[Event "ch-ISR"]
[Site "Tel Aviv ISR"]
[Date "2002.11.27"]
[Round "3"]
[White "Vydeslaver,A"]
[Black "Mikhalevski,V"]
[Result "1-0"]
[WhiteElo "2434"]
[BlackElo "2524"]

1.e4 c5 2.Nf3 Nc6 3.Bb5 e6 4.Bxc6 bxc6 5.d3 Ne7 6.Qe2 Ng6 7.h4 h5 8.e5 f6
9.Qe4 Kf7 10.Nbd2 Qc7 11.Nc4 Ba6 12.Bf4 Nxf4 13.Qxf4 Kg8 14.Rh3 fxe5 15.Ncxe5 d6
16.Ng6 Rh6 17.Rg3 e5 18.Qg5 Rh7 19.Nd2 Re8 20.Ne4 Qd8 21.Nxf8 Rxf8 22.Qxd8 Rxd8
23.Nf6+ Kh8 24.Nxh7 Kxh7 25.Rf3 c4 26.Rf7 cxd3 27.Rxa7 Bc4 28.b3 Bd5 29.cxd3 Bxg2
30.Ke2 Bd5 31.Rg1 Rg8 32.Rd7 Kh8 33.Rxd6 Ra8 34.Ra1 Bxb3 35.Rxc6 Ra4 36.Rc5 Bf7
37.Rxe5 Bg6 38.Ke3 Rxh4 39.a4 Rb4 40.Rb5  1-0

[Event "TCh-CZE 2002-3"]
[Site "Czech Rep CZE"]
[Date "2002.11.30"]
[Round "3"]
[White "Nedela,V"]
[Black "Vavra,P1"]
[Result "1/2-1/2"]
[WhiteElo "2388"]
[BlackElo "2380"]

1.e4 c5 2.Nf3 Nc6 3.Bb5 e6 4.O-O Nge7 5.c3 d5 6.e5 Bd7 7.Ba4 d4 8.Na3 Ng6
9.Re1 Qb8 10.cxd4 cxd4 11.Bxc6 Bxc6 12.Nxd4 Nxe5 13.Qh5 Ng6 14.Nxc6 bxc6
15.Qf3 Bd6 16.Qxc6+ Ke7 17.h3 Rc8 18.Qe4 Bxa3 19.bxa3 Qf4 20.Bb2 Qxe4 21.Rxe4 Kf8
22.Bc3 Ne7 23.Rg4 g6 24.Bb4 a5 25.Bc3 Nd5 26.Rc1 Nxc3 27.dxc3 Rab8 28.Rc2 Rb1+
29.Kh2 Ke7 30.Rh4 h5 31.Rd4 Rb5 32.c4 Rbc5 33.f4 e5 34.Re2 f6 35.Rde4 Rxc4
36.fxe5 Rxe4 37.exf6+ Kxf6 38.Rxe4 Rc2 39.Ra4 Rc5 40.h4 Kf5 41.Kh3 Rc3+ 42.g3 Rc5
43.Rf4+ Ke5 44.Ra4 Kf5 45.Kg2 Rd5 46.Kf3 Rd3+ 47.Kf2 Rd5 48.Ke3 Rb5 49.Rf4+ Ke6  1/2-1/2

[Event "ch-ISR w"]
[Site "Tel Aviv ISR"]
[Date "2002.12.01"]
[Round "7"]
[White "Zatulovskaya,T"]
[Black "Botvinnik,Ir"]
[Result "0-1"]
[WhiteElo "2219"]
[BlackElo "2187"]

1.e4 c5 2.Nf3 Nc6 3.Bb5 Qb6 4.Nc3 e6 5.O-O Nd4 6.Bc4 Ne7 7.Re1 d6 8.a4 Nec6
9.Nxd4 cxd4 10.Nb5 a6 11.Na3 Be7 12.c3 Bd7 13.Bf1 O-O 14.Nc4 Qc7 15.a5 Rad8
16.b4 Bf6 17.Ra3 d5 18.exd5 exd5 19.Nb6 Be6 20.Na4 Bf5 21.Nc5 Ne5 22.h3 Rfe8
23.cxd4 Nc6 24.Rae3 Rf8 25.Bd3 Bxd3 26.Nxd3 Bxd4 27.R3e2 Bf6 28.b5 Nd4 29.Ba3 Nxe2+
30.Qxe2 Qxa5 31.Bxf8 Kxf8 32.bxa6 bxa6 33.Nf4 Qb5 34.Qxb5 axb5 35.Nd3 Ra8
36.Nb4 d4 37.Nd5 Bg5 38.Nc7 Rb8  0-1

[Event "ch-GRE"]
[Site "Athens GRE"]
[Date "2002.12.03"]
[Round "6"]
[White "Anagnostopoulos,D"]
[Black "Halkias,S"]
[Result "1/2-1/2"]
[WhiteElo "2438"]
[BlackElo "2528"]

1.e4 c5 2.Nf3 Nc6 3.Bb5 d6 4.Bxc6+ bxc6 5.O-O Bg4 6.d3 e5 7.h3 Bh5 8.Nbd2 Be7
9.Re1 Nf6 10.Nf1 Nd7 11.Ng3 Bxf3 12.Qxf3 g6 13.Qd1 Nf8 14.Ne2 Ne6 15.f4 exf4
16.Nxf4 O-O 17.Rf1 Ng7 18.Bd2 Bf6 19.Bc3 Bxc3 20.bxc3 Qa5 21.Ne2 d5 22.e5 Rae8
23.d4 cxd4 24.cxd4 c5 25.c3 Ne6 26.Qd3 Qa3 27.Qd2 cxd4 28.cxd4 Rb8 29.Rab1 Qa4
30.Rbd1 Rfc8 31.Qe3 Rc2 32.Qf3 Qd7 33.Rb1 Rf8 34.a3 Qc6 35.Rb8 f5 36.Rxf8+ Kxf8
37.Qe3 Kg8 38.g4 Qc4 39.Rf2 f4 40.Nxf4 Rxf2 41.Kxf2 Nxd4  1/2-1/2

[Event "Baharov Mem"]
[Site "Borovec BUL"]
[Date "2002.12.03"]
[Round "4"]
[White "Ljangov,P"]
[Black "Raeva,E"]
[Result "1-0"]
[WhiteElo "2197"]
[BlackElo "2125"]

1.e4 c5 2.Nf3 Nc6 3.Bb5 g6 4.Bxc6 dxc6 5.O-O Bg7 6.d3 Nf6 7.Nc3 O-O 8.Be3 b6
9.h3 Nd7 10.Qd2 Re8 11.Bh6 e5 12.Bxg7 Kxg7 13.Ne2 Nf8 14.Rad1 Qc7 15.Nh2 Ba6
16.Ng4 Qe7 17.Qh6+ Kh8 18.f4 exf4 19.Nxf4 Nd7 20.Rf3 Qd6 21.Rdf1 Qd4+ 22.Kh1 Qg7
23.Qxg7+ Kxg7 24.Nd5 cxd5 25.Rxf7+ Kh8 26.Rxd7 Red8 27.Rff7 Kg8 28.Rc7 Rdc8
29.Nf6+ Kh8 30.Nxd5 Kg8 31.Nf6+  1-0

[Event "ch-ISR"]
[Site "Tel Aviv ISR"]
[Date "2002.12.03"]
[Round "9"]
[White "Lerner,K"]
[Black "Tseitlin,Ma"]
[Result "0-1"]
[WhiteElo "2504"]
[BlackElo "2472"]

1.e4 c5 2.Nf3 Nc6 3.Bb5 g6 4.Bxc6 dxc6 5.d3 Bg7 6.Nc3 e5 7.Be3 Qe7 8.Qd2 h6
9.h3 Nf6 10.a3 Nd7 11.O-O a5 12.Nh2 a4 13.f4 exf4 14.Bxf4 Ne5 15.Nf3 Nxf3+
16.Rxf3 g5 17.Be3 O-O 18.Raf1 b6 19.Ne2 Qe5 20.Ng3 Qxb2 21.Nh5 f6 22.Qf2 Be6
23.Nxf6+ Kh8 24.h4 g4 25.Rf4 Qxa3 26.Nh5 Rxf4 27.Bxf4 Bd4 28.Be3 Qc3 29.Kh1 Bg7
30.Nxg7 Qxg7 31.Qg3 a3 32.Bf4 Rf8 33.Rc1 Kh7 34.Be5 Qf7 35.Ra1 a2 36.Kg1 c4
37.Qe3 cxd3 38.cxd3 c5 39.Bb2 Qf4 40.Qxf4 Rxf4 41.Rf1 Rxf1+ 42.Kxf1 g3 43.Ke2 Kg6
44.Kf3 Bb3 45.Kxg3 Bc2 46.Kf4 Bxd3 47.Ke5 Kh5 48.g3 Kg4 49.Kd5 Kxg3 50.e5 Kxh4
51.Kc6 h5 52.Kxb6 Kg4 53.Kxc5 h4 54.Kd4 h3  0-1

[Event "Baharov Mem"]
[Site "Borovec BUL"]
[Date "2002.12.04"]
[Round "6"]
[White "Ljangov,P"]
[Black "Nikolov,M"]
[Result "0-1"]
[WhiteElo "2197"]
[BlackElo "2302"]

1.e4 c5 2.Nf3 Nc6 3.Bb5 e6 4.Bxc6 bxc6 5.O-O Ne7 6.d3 Ng6 7.Nc3 Be7 8.h3 O-O
9.Re1 e5 10.Ne2 d6 11.Ng3 f5 12.Nxf5 Bxf5 13.exf5 Rxf5 14.Bd2 Qd7 15.Be3 Raf8
16.Nh2 Bh4 17.Rf1 Kh8 18.Qe2 Bd8 19.Kh1 Nf4 20.Bxf4 Rxf4 21.Rae1 Qf7 22.f3 Qxa2
23.b3 Qa6 24.Ra1 Qb7 25.Ra2 Qf7 26.Rfa1 Bb6 27.Ra4 h5 28.Re4 a5 29.Raa4 Rf6
30.Ra1 Bc7 31.Re1 Rf4 32.Rxf4 Qxf4 33.Qe4 Qxe4 34.Rxe4 Rb8 35.Nf1 Rb4 36.Rxb4 cxb4
37.Ng3 g6 38.Kg1 d5 39.Ne2 Kg7 40.Kf1 Kf6 41.Ke1 Bb6 42.Kd2 Bf2 43.Kd1 Ke6
44.Kd2 Kd6 45.Kd1 Be3 46.Ke1 Kc5 47.h4 Kd6 48.g4 hxg4 49.fxg4 Ke6 50.Kf1 Bd2
51.Ng1 e4 52.dxe4 dxe4 53.Ke2 Bc1 54.Kd1 Be3 55.Nh3 Ke5 56.Ke2 Bc1 57.h5 gxh5
58.gxh5 c5 59.Nf2 c4 60.Kd1 Bf4 61.h6 Bxh6 62.Ng4+ Kd4 63.Nxh6 cxb3 64.cxb3 Kc3
65.Nf5 Kxb3 66.Kd2 a4 67.Nd4+ Kb2 68.Nc2 b3 69.Ne3 a3 70.Nd1+ Ka1 71.Nc3 b2
72.Ke2 a2  0-1

[Event "Tch-SWE 2002-3"]
[Site "Sweden SWE"]
[Date "2002.12.07"]
[Round "5"]
[White "Cicak,S"]
[Black "Akesson,J"]
[Result "1-0"]
[WhiteElo "2526"]
[BlackElo "2245"]

1.e4 c5 2.Nf3 Nc6 3.Bb5 g6 4.O-O Bg7 5.Nc3 e5 6.Nd5 Nge7 7.Bc4 d6 8.d3 Nxd5
9.Bxd5 O-O 10.c3 Ne7 11.Bb3 b6 12.Re1 Bb7 13.d4 exd4 14.cxd4 Nc6 15.Bg5 Qc7
16.Rc1 Rac8 17.d5 Ne5 18.Nxe5 Bxe5 19.Qd2 Qd7 20.Bd1 Qb5 21.b3 Qb4 22.Qxb4 cxb4
23.Bg4 f5 24.exf5 gxf5 25.Rxc8 Bxc8 26.Bh5 Bb7 27.f4 Bd4+ 28.Kh1 Bf6 29.Bf3 Bxg5
30.fxg5 Rc8 31.h4 Rc7 32.Re8+ Kg7 33.h5 Bc8 34.h6+ Kg6 35.Rg8+  1-0

[Event "ch-Balkan"]
[Site "Istanbul TUR"]
[Date "2002.12.11"]
[Round "2"]
[White "Organdziev,O"]
[Black "Grigore,Ge"]
[Result "1/2-1/2"]
[WhiteElo "2338"]
[BlackElo "2482"]

1.e4 c5 2.Nf3 Nc6 3.Bb5 g6 4.O-O Bg7 5.Bxc6 dxc6 6.d3 Nf6 7.h3 O-O 8.Be3 c4
9.Nc3 cxd3 10.cxd3 e5 11.Nxe5 Nxe4 12.dxe4 Bxe5 13.f4 Bxc3  1/2-1/2

[Event "Friendship B"]
[Site "Roznov CZE"]
[Date "2002.12.11"]
[Round "6"]
[White "Biolek,R"]
[Black "Alfred,N"]
[Result "1-0"]
[WhiteElo "2433"]
[BlackElo "2251"]

1.e4 c5 2.Nf3 Nc6 3.Bb5 e6 4.O-O Nge7 5.Re1 a6 6.Bxc6 Nxc6 7.d4 cxd4 8.Nxd4 Qc7
9.Nxc6 dxc6 10.e5 b6 11.Qg4 Bb7 12.Qg3 O-O-O 13.Be3 h5 14.h4 c5 15.Nc3 g6
16.Bg5 Rd4 17.f3 Be7 18.Rad1 Rhd8 19.Rxd4 Rxd4 20.Rd1 f6 21.Be3 Rxd1+ 22.Nxd1 Qxe5
23.Qxg6 Bd6 24.Kf2 Qh2 25.Qxf6 Bg3+ 26.Ke2 Qxg2+ 27.Bf2 Bxf2 28.Nxf2 Bd5
29.b3 c4 30.Qh8+ Kb7 31.Qxh5 Qg7 32.Kf1 Qc3 33.Ne4 Bxe4 34.Qf7+ Ka8 35.fxe4 Qxc2
36.bxc4 Qxc4+ 37.Kf2 Qxa2+ 38.Kg3 Qb3+ 39.Qf3 Qb4 40.h5 Qe1+ 41.Kh3 Qd2 42.e5+ Ka7
43.Qf7+ Kb8 44.Qxe6 Qe3+ 45.Kg4 a5 46.h6 a4 47.Kh5 a3 48.h7 Qf3+ 49.Kg6 Qe4+
50.Kg7 Qg2+ 51.Kf8 a2 52.Qxb6+ Qb7 53.Qd8+ Qc8 54.Qxc8+ Kxc8 55.h8=Q a1=Q
56.Kf7+ Kc7 57.Qf6 Qh1 58.e6 Qh5+ 59.Kf8 Qc5+ 60.Qe7+  1-0

[Event "FSIMA Dec"]
[Site "Budapest HUN"]
[Date "2002.12.12"]
[Round "6"]
[White "Grafl,F"]
[Black "Jakab,A"]
[Result "1-0"]
[WhiteElo "2351"]
[BlackElo "2367"]

1.e4 c5 2.Nf3 Nc6 3.Bb5 e6 4.Bxc6 bxc6 5.d3 Ne7 6.Qe2 Ng6 7.h4 Bd6 8.e5 Be7
9.h5 Nh4 10.Nxh4 Bxh4 11.Qg4 Be7 12.Qxg7  1-0

[Event "ch-Balkan"]
[Site "Istanbul TUR"]
[Date "2002.12.15"]
[Round "7"]
[White "Sofronie,I"]
[Black "Yeke,S"]
[Result "1-0"]
[WhiteElo "2460"]
[BlackElo "2280"]

1.e4 c5 2.Nf3 Nc6 3.Bb5 g6 4.O-O Bg7 5.Re1 e5 6.Bxc6 dxc6 7.d3 Qe7 8.a4 Nf6
9.a5 O-O 10.h3 Nh5 11.Nc3 Nf4 12.Bxf4 exf4 13.e5 g5 14.Qd2 h6 15.Ne4 Be6
16.Qc3 b6 17.d4 cxd4 18.Nxd4 c5 19.Nb5 Bf5 20.Ned6 Bg6 21.Nc4 Qd7 22.Qb3 Bxc2
23.Qxc2 Qxb5 24.e6 fxe6 25.axb6 axb6 26.Rxa8 Rxa8 27.Rxe6 Qa4 28.Qe4 b5 29.Qd5 Kh8
30.Ne5 f3 31.Nf7+ Kh7 32.Qf5+ Kg8 33.Nxh6+ Kh8 34.Nf7+ Kg8 35.Nxg5 Qd4  1-0

[Event "ch-Balkan"]
[Site "Istanbul TUR"]
[Date "2002.12.17"]
[Round "9"]
[White "Organdziev,O"]
[Black "Yeke,S"]
[Result "1-0"]
[WhiteElo "2338"]
[BlackElo "2280"]

1.e4 c5 2.Nf3 Nc6 3.Bb5 g6 4.O-O Bg7 5.Bxc6 dxc6 6.d3 e5 7.Be3 Qe7 8.a4 Nf6
9.h3 O-O 10.Nc3 Ne8 11.Qd2 Nc7 12.Bh6 f6 13.Bxg7 Kxg7 14.Nh2 Ne6 15.Ne2 g5
16.Ng3 Nf4 17.Ng4 Ng6 18.Ne3 Nh4 19.Qe2 Be6 20.b3 Qd7 21.Kh2 Kh8 22.Nh5 Ng6
23.Qf3 f5 24.exf5 Bxf5 25.Nxf5 Rxf5 26.Qg4 h6 27.Nf6 Qe6 28.Ne4 b6 29.a5 Rb8
30.axb6 axb6 31.Ra7 Rbf8 32.Nxg5 Qd6 33.Rh7+ Kg8 34.Rxh6 e4+ 35.Kg1  1-0